Educational psychology and special education (Record no. 5873)

000 -LEADER
fixed length control field 00797nam a22002177a 4500
003 - CONTROL NUMBER IDENTIFIER
control field OSt
005 - DATE AND TIME OF LATEST TRANSACTION
control field 20220629132801.0
008 - FIXED-LENGTH DATA ELEMENTS--GENERAL INFORMATION
fixed length control field 220629b ||||| |||| 00| 0 eng d
020 ## - INTERNATIONAL STANDARD BOOK NUMBER
International Standard Book Number 0558807267 9780558807269
040 ## - CATALOGING SOURCE
Transcribing agency ALUPE UNIVERSITY
050 ## - LIBRARY OF CONGRESS CALL NUMBER
Classification number LC3986
Item number .E38 2010
100 ## - MAIN ENTRY--PERSONAL NAME
Personal name Nancy Lynn Hutchison
245 ## - TITLE STATEMENT
Title Educational psychology and special education
Remainder of title EDUC 5005.
250 ## - EDITION STATEMENT
Edition statement Third Edition
260 ## - PUBLICATION, DISTRIBUTION, ETC.
Place of publication, distribution, etc. [Toronto, Ont.] : ,
Name of publisher, distributor, etc. Peason Learning solutions
Date of publication, distribution, etc. ©2010
300 ## - PHYSICAL DESCRIPTION
Extent xvii, 469 pages :
Other physical details illustrations ;
Dimensions 28 cm
650 ## - SUBJECT ADDED ENTRY--TOPICAL TERM
Topical term or geographic name entry element University of Western Ontario -- Curricula. Educational psychology -- Curricula. Inclusive education -- Curricula -- Canada
700 ## - ADDED ENTRY--PERSONAL NAME
Personal name Anita Woolfolk Hoy;
710 ## - ADDED ENTRY--CORPORATE NAME
Corporate name or jurisdiction name as entry element University of Western Ontario.
942 ## - ADDED ENTRY ELEMENTS (KOHA)
Source of classification or shelving scheme
Koha item type Book
Suppress in OPAC MM
Holdings
Withdrawn status Lost status Source of classification or shelving scheme Damaged status Not for loan Permanent Location Current Location Shelving location Date acquired Source of acquisition Total Checkouts Full call number Barcode Date last seen Price effective from Koha item type Public note
          AU LIBRARY AU LIBRARY Open Shelf 29.06.2022 DONATION FROM MOI UNIVERSITY   LC3986 .E38 2010 28000607 29.06.2022 29.06.2022 Book MM

Powered by Koha